Catalog

Record Details

Catalog Search



Imaginace jako prostor setkání s nevědomím  Cover Image Book Book

Imaginace jako prostor setkání s nevědomím / Verena Kastová ; [z německého originálu ... přeložili Kristina a Jan Černí]

Kast, Verena, 1943- (Author). Černá, Kristina (Translator). Černý, Jan, 1948- (Translator).

Record details

  • ISBN: 978-80-7367-702-2 (brož.)
  • Physical Description: 167 s. ; 21 cm
  • Edition: Vyd. 2.
  • Publisher: Praha : Portál, 2010

Content descriptions

Bibliography, etc. Note:
Obsahuje bibliografii a bibliografické odkazy
Subject: aktivní imaginace
psychoterapie
active imagination
psychotherapy
Genre: příručky
handbooks, manuals, etc

Available copies

  • 0 of 1 copy available at Common Catalog SPOK.

Holds

  • 0 current holds with 1 total copy.
Show Only Available Copies
Location Call Number / Copy Notes Barcode Shelving Location Status Due Date
Jabok Library Psy-9.3 424480033245 Odborná literatura Checked out 30.04.2025

LDR 01569nam a2200445 a 4500
00118269
003CZ-PrJAB
00520220328083442.0
007ta
008100201s2010 xr e f 000 0 cze
015 . ‡acnb002031676
020 . ‡a978-80-7367-702-2 (brož.)
035 . ‡a(CZ PrNK)18269
035 . ‡a(OCoLC)649799425
040 . ‡aABA001 ‡bcze ‡dBOA001
0411 . ‡acze ‡hger
072 7. ‡a159.96 ‡xZvláštní duševní stavy a procesy ‡2Konspekt ‡917
080 . ‡a159.964.26:159.954.3 ‡2MRF
080 . ‡a615.851 ‡2MRF
080 . ‡a(035) ‡2MRF
1001 . ‡aKast, Verena, ‡d1943- ‡7jn20010309433 ‡4aut
24510. ‡aImaginace jako prostor setkání s nevědomím / ‡cVerena Kastová ; [z německého originálu ... přeložili Kristina a Jan Černí]
250 . ‡aVyd. 2.
260 . ‡aPraha : ‡bPortál, ‡c2010
300 . ‡a167 s. ; ‡c21 cm
4901 . ‡aSpektrum ; ‡v6
504 . ‡aObsahuje bibliografii a bibliografické odkazy
65007. ‡aaktivní imaginace ‡7ph276824 ‡2czenas
65007. ‡apsychoterapie ‡7ph115954 ‡2czenas
65009. ‡aactive imagination ‡2eczenas
65009. ‡apsychotherapy ‡2eczenas
655 7. ‡apříručky ‡7fd133209 ‡2czenas
655 9. ‡ahandbooks, manuals, etc ‡2eczenas
7001 . ‡aČerná, Kristina ‡7jx20050308013 ‡4trl
7001 . ‡aČerný, Jan, ‡d1948- ‡7mzk2006354002 ‡4trl
7650 . ‡tImagination als Raum der Freiheit ‡9Česky
830 0. ‡aSpektrum (Portál)
910 . ‡aABG312
901 . ‡a18269 ‡b ‡c18269 ‡tbiblio

Additional Resources